Los instrumentos de la gestión ambiental en la empresa
Enregistré dans:
| Auteur principal: | |
|---|---|
| Format: | Livre |
| Langue: | espagnol |
| Publié: |
Madrid
Mundi-Prensa
1996
|
| Sujets: | |
| Tags: |
Ajouter un tag
Pas de tags, Soyez le premier à ajouter un tag!
|
MARC
| LEADER | 00000nam a2200000 a 4500 | ||
|---|---|---|---|
| 001 | UCO4689 | ||
| 003 | CL-VaPUC | ||
| 008 | 000811e19960000SP |||||||||||||||||spa|d | ||
| 082 | 0 | 4 | |a 363.7 |b CON |2 21 |
| 100 | 0 | |a Conesa Fernández-Vítora, Vicente |e author |9 449327 | |
| 245 | 1 | 4 | |a Los instrumentos de la gestión ambiental en la empresa |
| 300 | |a 541 p | ||
| 942 | |c BK | ||
| 945 | |d 20000811 00:00:00 |a vberengu | ||
| 260 | |a Madrid |b Mundi-Prensa |c 1996 | ||
| 650 | 7 | |a CALIDAD AMBIENTAL |2 CL-VaPUC |9 338241 | |
| 650 | 0 | |a Evaluación ambiental |9 347940 | |
| 650 | 0 | |a Gestión ambiental |9 338121 | |
| 650 | 0 | |a Ingeniería ambiental |9 328689 | |
| 650 | 0 | |a Medio ambiente |9 257625 | |
| 583 | |a last modification |c 20000811 00:00:00 |k Rodrigo Vera | ||
| 999 | |c 290697 |d 290695 | ||
| 952 | |0 0 |1 0 |4 0 |6 363_700000000000000_CON_1996 |7 0 |8 A |9 340250 |a BIBING |b BIBING |d 2019-11-20 |i 3594726 |o 363.7 CON 1996 |p 3594726 |r 2025-01-20 |w 2019-11-20 |y BK |k EIQ | ||
| 952 | |0 0 |1 0 |2 ddc |4 0 |6 363_700000000000000_CON_1996 |7 0 |8 A |9 340251 |a BIBALI |b BIBALI |c GEN |d 2019-11-20 |i 3734218 |o 363.7 CON 1996 |p 3734218 |r 2025-01-20 |w 2019-11-20 |y BK |k ALI | ||